[Event "Ì15Â"]
[Site "Loo"]
[Date "2017.04.26"]
[Round "7.7"]
[White "Àêî÷¸íîê, Äàíèèë."]
[Black "Ìóõóòäèíîâ, Òèãðàí."]
[Result "1/2-1/2"]
[WhiteElo "1917"]
[BlackElo "2136"]
[PlyCount "120"]
[EventDate "2017.04.20"]

1. d4 d5 2. c4 e6 3. e3 c6 4. Nc3 Bd6 5. Qc2 f5 6. Bd3 Ne7 7. Nge2 O-O 8. Bd2
Kh8 9. c5 Bc7 10. O-O Nd7 11. b4 e5 12. dxe5 Nxe5 13. f3 N7g6 14. f4 Nxd3 15.
Qxd3 b6 16. Nd4 Ne7 17. Na4 Qe8 18. Rfc1 Rf6 19. Bc3 Rh6 20. Nf3 bxc5 21. Nxc5
Ng8 22. Bd4 Nf6 23. Qc3 Kg8 24. Bxf6 Rxf6 25. Kf2 a5 26. a3 Bb6 27. Ne5 Bc7 28.
Ncd3 Bb6 29. bxa5 Bxa5 30. Qc5 Re6 31. Nb4 Bd7 32. Nxd7 Qxd7 33. Nxc6 Bd2 34.
Ne5 Rxe5 35. fxe5 Bxc1 36. Rxc1 Qb7 37. Rd1 Qb2+ 38. Kf3 Qxe5 39. Qxd5+ Qxd5+
40. Rxd5 Rxa3 41. Rxf5 g6 42. Rb5 h6 43. Rb7 Ra4 44. Rd7 Rb4 45. g3 g5 46. h3
Kf8 47. Rh7 Rb6 48. h4 Kg8 49. Rd7 gxh4 50. gxh4 Rb4 51. Rd4 Rb5 52. Rf4 Kg7
53. Kg4 Re5 54. Kf3 Ra5 55. Rd4 Kg6 56. e4 Rh5 57. Kg4 Re5 58. Rb4 Kf7 59. Rc4
Kg7 60. Rc7+ Kg6 1/2-1/2

[Event "Ì15Â"]
[Site "Loo"]
[Date "2017.04.26"]
[Round "7.8"]
[White "Äóäèí, Ãëåá."]
[Black "Áåäåíêî, Íèêèòà."]
[Result "1-0"]
[WhiteElo "2031"]
[BlackElo "1966"]
[PlyCount "81"]
[EventDate "2017.04.20"]

1. d4 d5 2. c4 e6 3. Nf3 Nf6 4. g3 Nbd7 5. Bg2 c6 6. O-O Bd6 7. Qc2 O-O 8. b3
Ne4 9. Bb2 f5 10. Nbd2 Qf6 11. Ne1 Qh6 12. Ndf3 Ndf6 13. Nd3 Ng4 14. Bc1 g5 15.
Nde5 Qg7 16. Nxg4 fxg4 17. Ne5 Bxe5 18. dxe5 Qxe5 19. Bb2 Qf5 20. Qd3 Bd7 21.
Rad1 Rad8 22. Qd4 Qf6 23. cxd5 cxd5 24. Bxe4 Qxd4 25. Rxd4 dxe4 26. Rfd1 Rf7
27. a4 Kf8 28. Ba3+ Kg7 29. a5 Kg6 30. Rd6 Kf5 31. e3 b6 32. a6 h5 33. Bb2 h4
34. Kf1 hxg3 35. hxg3 Bc8 36. Rxd8 Bxa6+ 37. Ke1 Bd3 38. Rd6 e5 39. Kd2 b5 40.
Rh1 b4 41. Rhh6 1-0

[Event "Ì15Â"]
[Site "Loo"]
[Date "2017.04.26"]
[Round "7.9"]
[White "Åðèöÿí, Àðàì."]
[Black "Ïåðîâ, Ãåðìàí."]
[Result "1/2-1/2"]
[WhiteElo "2372"]
[BlackElo "1944"]
[PlyCount "74"]
[EventDate "2017.04.20"]

1. e4 e6 2. d4 d5 3. Nc3 Bb4 4. e5 b6 5. Qg4 Bf8 6. Bg5 Qd7 7. f4 Nc6 8. O-O-O
Nge7 9. Bxe7 Nxe7 10. Nf3 Bb7 11. Bd3 g6 12. Qh4 Bg7 13. Qf2 O-O-O 14. Kb1 Kb8
15. Rhf1 Rc8 16. Nd2 c5 17. dxc5 Rxc5 18. Nb3 Rxc3 19. bxc3 Rc8 20. Qd4 Bf8 21.
Kb2 Nf5 22. Bxf5 gxf5 23. Rf3 Ba6 24. Ra1 Rc4 25. Qd2 Qa4 26. a3 Re4 27. Rg3
Re2 28. Qd1 Be7 29. Nd4 Rf2 30. Rg8+ Kc7 31. Rg7 Rf1 32. Qh5 Rxa1 33. Kxa1 Bc4
34. Qxf7 Qxa3+ 35. Kb1 Ba2+ 36. Ka1 Bc4+ 37. Kb1 Ba2+ 1/2-1/2

[Event "Ì15Â"]
[Site "Loo"]
[Date "2017.04.26"]
[Round "7.10"]
[White "Êûòèí, Ìàêàð."]
[Black "Êàâûåâ, Ðóñëàí."]
[Result "0-1"]
[WhiteElo "2120"]
[BlackElo "2242"]
[PlyCount "69"]
[EventDate "2017.04.20"]

1. e4 c5 2. Nf3 d6 3. d4 cxd4 4. Nxd4 Nf6 5. Nc3 a6 6. Bg5 Nbd7 7. f4 Qc7 8.
Qf3 h6 9. Bxf6 Nxf6 10. f5 Qc5 11. Nb3 Qe5 12. O-O-O g5 13. Nd5 Nxd5 14. Rxd5
Qf4+ 15. Nd2 Qxf3 16. gxf3 b5 17. h4 Bb7 18. Rd3 Bg7 19. Rg1 Bf6 20. h5 O-O 21.
Bh3 Rfc8 22. b3 a5 23. Kb1 b4 24. a4 bxa3 25. Ka2 a4 26. b4 Bc3 27. b5 Rc5 28.
Rd1 Rac8 29. Bf1 Kh8 30. Kb1 g4 31. fxg4 Ba5 32. Re3 d5 33. Bd3 Bb4 34. Bc4
dxe4 35. Ka2 {äàëåå çàïèñü íåðàçáîð~~èâà} 0-1

[Event "Ì15Â"]
[Site "Loo"]
[Date "2017.04.26"]
[Round "7.11"]
[White "Öûáèêîâ, Òóìýí."]
[Black "Ìóòîâèí, Åãîð."]
[Result "1-0"]
[WhiteElo "2152"]
[BlackElo "1915"]
[PlyCount "57"]
[EventDate "2017.04.20"]

1. e4 e6 2. d4 d5 3. Nc3 Bb4 4. a3 Bxc3+ 5. bxc3 dxe4 6. Qg4 Nf6 7. Qxg7 Rg8 8.
Qh6 Nbd7 9. Ne2 b6 10. Ng3 Bb7 11. a4 c5 12. dxc5 bxc5 13. a5 a6 14. Be2 Rg6
15. Qh4 Qc7 16. Bf4 Qc6 17. c4 e5 18. Be3 Qe6 19. O-O Ke7 20. Rab1 Bc6 21. Nh5
Rag8 22. g3 Rg4 23. Bxg4 Rxg4 24. Bxc5+ Nxc5 25. Qxf6+ Kf8 26. Rb8+ Be8 27.
Qxe6 Nxe6 28. Rxe8+ Kxe8 29. Nf6+ 1-0

[Event "Ì15Â"]
[Site "Loo"]
[Date "2017.04.26"]
[Round "7.12"]
[White "Ìèðçîÿí, Ëàâðåíòèé."]
[Black "Øèäëîâñêèé, Àðòåìèé."]
[Result "0-1"]
[WhiteElo "1904"]
[BlackElo "1975"]
[PlyCount "89"]
[EventDate "2017.04.20"]

1. e4 c5 2. Nf3 d6 3. d4 cxd4 4. Nxd4 Nf6 5. Nc3 Nc6 6. Be2 g6 7. O-O Bg7 8.
Be3 O-O 9. Nb3 a5 10. a4 Be6 11. f4 Bxb3 12. cxb3 e6 13. Bf3 Nb4 14. Rf2 Qe7
15. Rd2 Rfd8 16. Rc1 d5 17. exd5 exd5 18. Re2 Ne4 19. Bd4 f5 20. Nb5 Nc6 21.
Bb6 Rd7 22. Bc5 Qf7 23. Nd6 Qe6 24. Rxe4 fxe4 25. Bg4 Qxd6 26. Bxd6 Rxd6 27. g3
Re8 28. Be2 d4 29. Bc4+ Kh8 30. Qe1 d3 31. Rd1 Nb4 32. Bb5 Re7 33. Bxd3 Rxd3
34. Rxd3 Nxd3 35. Qxa5 Bf6 36. Kf1 Kg7 37. Ke2 Nc1+ 38. Kd1 Nxb3 39. Qd5 Nd4
40. Qc4 e3 41. Qd3 e2+ 42. Ke1 Re3 43. Qxe3 Nc2+ 44. Kxe2 Nxe3 45. Kxe3 0-1

[Event "Ì15Â"]
[Site "Loo"]
[Date "2017.04.26"]
[Round "7.13"]
[White "Âîëêîâ, Àíäðåé."]
[Black "Ìóðòàçèí, Ðóñëàí."]
[Result "0-1"]
[WhiteElo "2005"]
[BlackElo "2344"]
[PlyCount "40"]
[EventDate "2017.04.20"]

1. e4 c5 2. c3 d5 3. exd5 Qxd5 4. d4 Nc6 5. Nf3 Bf5 6. Be3 e6 7. dxc5 Qxd1+ 8.
Kxd1 Nf6 9. Nd4 O-O-O 10. Kc1 Nd5 11. Nxc6 bxc6 12. b4 Nxe3 13. fxe3 Be7 14.
Na3 Bf6 15. Kb2 a5 16. b5 Be7 17. bxc6 Bxc5 18. Ba6+ Kc7 19. Nb5+ Kb6 20. c7
Rd2+ 0-1

[Event "Ì15Â"]
[Site "Loo"]
[Date "2017.04.26"]
[Round "7.14"]
[White "Ðîëüãåéçåð, Ãåíðèõ."]
[Black "Ðåìèçîâ, ßðîñëàâ."]
[Result "0-1"]
[WhiteElo "1989"]
[BlackElo "2218"]
[PlyCount "154"]
[EventDate "2017.04.20"]

1. d4 d5 2. Bf4 c5 3. e4 dxe4 4. d5 Nf6 5. Nc3 a6 6. Qe2 g6 7. g3 Bg7 8. Bg2
O-O 9. O-O-O Bf5 10. h3 b5 11. d6 exd6 12. Bxd6 Re8 13. Bf8 Qa5 14. Bxg7 Kxg7
15. g4 b4 16. Nb1 Bc8 17. Qe3 Bb7 18. Ne2 Nbd7 19. Ng3 Qxa2 20. Rd6 Re6 21.
Rhd1 Ne5 22. Rd8 Ne8 23. Rxa8 Bxa8 24. Rd8 Nc4 25. Qb3 Qxb3 26. cxb3 Nb6 27.
Nf1 Nc7 28. Ne3 Ncd5 29. Nd2 Nxe3 30. fxe3 Bc6 31. Bf1 Bb5 32. Bxb5 axb5 33.
Rb8 c4 34. Rb7 c3 35. Nb1 Rc6 36. Re7 cxb2+ 37. Kxb2 Re6 38. Rxe6 fxe6 39. Kc2
Kf6 40. Nd2 Ke5 41. Kd1 Nd7 42. Ke2 Nc5 43. Kd1 h5 44. gxh5 gxh5 45. Ke2 Nd3
46. Kf1 Nc1 47. Kf2 Kd5 48. Ke1 Nd3+ 49. Ke2 Ne5 50. Kf2 Nd3+ 51. Ke2 Ke5 52.
Kf1 Kf5 53. Kg2 Nc5 54. Kf2 Ke5 55. Ke2 Kd5 56. Ke1 Nd7 57. Kf2 Ne5 58. Ke2 Nf7
59. Kf2 Ng5 60. Kg3 e5 61. Kg2 h4 62. Nf1 Nf3 63. Kf2 Kc5 64. Kg2 Ne1+ 65. Kg1
Kd5 66. Kf2 Nd3+ 67. Ke2 Nc1+ 68. Kd2 Nxb3+ 69. Kc2 Kc4 70. Nh2 Nc5 71. Ng4 b3+
72. Kb1 Kb4 73. Nxe5 Ka3 74. Nc6 Na4 75. Nd4 Nc3+ 76. Kc1 b2+ 77. Kd2 b1=Q 0-1

[Event "Ì15Â"]
[Site "Loo"]
[Date "2017.04.26"]
[Round "7.15"]
[White "Øóìèëîâ, Äåìüÿí."]
[Black "Êàçüìèí, Ñåìåí."]
[Result "1/2-1/2"]
[WhiteElo "1984"]
[BlackElo "2167"]
[PlyCount "118"]
[EventDate "2017.04.20"]

1. d4 d5 2. Nf3 Nf6 3. e3 e6 4. b3 c5 5. Bb2 Be7 6. Nbd2 O-O 7. Bd3 b6 8. O-O
Bb7 9. c4 Nbd7 10. Rc1 Rc8 11. Bb1 Re8 12. Qe2 Nf8 13. Rfd1 Ng6 14. Ne1 Bd6 15.
Ndf3 Bb8 16. dxc5 bxc5 17. cxd5 exd5 18. Qb5 Qb6 19. Qf1 Ne4 20. Nd3 Qd6 21. g3
a5 22. Qh3 a4 23. Qg4 axb3 24. axb3 Rc7 25. Nfe5 Nf6 26. Qg5 Ba7 27. Nxg6 hxg6
28. Be5 Qe7 29. Bxc7 Qxc7 30. Qf4 Qc6 31. Ne5 Qb6 32. Ng4 Ne4 33. Bxe4 Rxe4 34.
Qg5 Re8 35. Rb1 d4 36. exd4 cxd4 37. Rbc1 Qxb3 38. Re1 Rf8 39. Rb1 Qf3 40. Rxb7
Qxb7 41. Re7 Qb1+ 42. Kg2 Bb6 43. Qd5 Qf5 44. Ne5 Qf6 45. Rd7 d3 46. Nxd3 Rd8
47. Rxd8+ Bxd8 48. Ne5 Bb6 49. Nd3 Qe7 50. Qc6 Qd8 51. Qe4 Qf6 52. h4 Bc7 53.
Qe8+ Kh7 54. Qe4 Kg8 55. Qc4 Bb6 56. Qd5 Qd8 57. Qf3 Qf6 58. Qa8+ Qd8 59. Qf3
Qf6 1/2-1/2

[Event "Ì15Â"]
[Site "Loo"]
[Date "2017.04.26"]
[Round "7.16"]
[White "Êóëàåâ, Ìàêñèì."]
[Black "Øîáîåâ, Äàíäàð."]
[Result "0-1"]
[WhiteElo "1849"]
[BlackElo "2110"]
[PlyCount "86"]
[EventDate "2017.04.20"]

1. d4 Nf6 2. Nf3 e6 3. c4 b6 4. g3 Ba6 5. Qa4 Be7 6. Bg2 O-O 7. Ne5 c6 8. O-O
b5 9. cxb5 cxb5 10. Qb3 d5 11. Nd2 b4 12. Re1 Qb6 13. Ndf3 Nc6 14. Nxc6 Qxc6
15. Bg5 Qb5 16. Bf1 Qb7 17. Bxf6 Bxf6 18. e3 Bc4 19. Qa4 Rfc8 20. Rac1 Rc6 21.
Qd1 Rac8 22. Qd2 Bxa2 23. Rxc6 Rxc6 24. Rc1 Bc4 25. Ne5 Bxe5 26. dxe5 Bxf1 27.
Kxf1 Rxc1+ 28. Qxc1 h6 29. Qc5 Qa6+ 30. Kg2 Qb7 31. Kg1 b3 32. Qc3 Qb5 33. Qc8+
Kh7 34. Qc1 Qe2 35. Qc3 Qc4 36. Qd2 a5 37. e4 Qxe4 38. Qc3 a4 39. h4 Qc4 40.
Qa5 Qc1+ 41. Kh2 Qxb2 42. Qxa4 Qxf2+ 43. Kh3 b2 0-1

[Event "Ì15Â"]
[Site "Loo"]
[Date "2017.04.26"]
[Round "7.17"]
[White "Áðåñêàíó, Íèêèòà."]
[Black "Æóðàâëåâ, Àëåêñàíäð."]
[Result "1-0"]
[WhiteElo "2044"]
[BlackElo "1745"]
[PlyCount "69"]
[EventDate "2017.04.20"]

1. Nf3 Nf6 2. b3 d5 3. Bb2 e6 4. e3 Bd6 5. d4 O-O 6. Bd3 b6 7. O-O Bb7 8. Ne5
Nbd7 9. Nd2 c5 10. f4 Ne4 11. c4 f5 12. Nxe4 dxe4 13. Bc2 cxd4 14. exd4 Nxe5
15. fxe5 Bc7 16. Qe2 Qg5 17. Bc1 Qe7 18. a4 Rfd8 19. Qe3 h6 20. Bb2 Rd7 21.
Rad1 Rf8 22. g3 g5 23. Qe2 Qg7 24. g4 Re7 25. Ba3 Ree8 26. Bxf8 Rxf8 27. b4 Qe7
28. c5 a5 29. gxf5 exf5 30. Qb5 axb4 31. cxb6 Bc8 32. a5 e3 33. a6 Bxa6 34.
Qxa6 e2 35. Qc4+ 1-0

[Event "Ì15Â"]
[Site "Loo"]
[Date "2017.04.26"]
[Round "7.18"]
[White "Èñìàãèëîâ, Äàìèð."]
[Black "Öóõàåâ, Ìóñà."]
[Result "1/2-1/2"]
[WhiteElo "2039"]
[BlackElo "1710"]
[PlyCount "83"]
[EventDate "2017.04.20"]

1. d4 d5 2. Nf3 Nf6 3. Bf4 e6 4. e3 Nbd7 5. Bd3 Bd6 6. Bg3 Bxg3 7. hxg3 h6 8.
Nbd2 c5 9. c3 b6 10. Ne5 Bb7 11. f4 Rc8 12. Qf3 Nxe5 13. fxe5 Ne4 14. Nxe4 dxe4
15. Bxe4 Bxe4 16. Qxe4 Qd5 17. Qf3 O-O 18. Qxd5 exd5 19. Kd2 Rc6 20. Rhf1 Kh7
21. Rf4 f6 22. Raf1 Kg6 23. exf6 gxf6 24. Rg4+ Kf7 25. Rf5 Rd6 26. Rh5 Rh8 27.
Rh1 Re6 28. Rf4 Kg6 29. Rg4+ Kf7 30. dxc5 bxc5 31. Ra4 a6 32. Ra5 Rhe8 33. Re1
d4 34. cxd4 cxd4 35. e4 Rxe4 36. Rxe4 Rxe4 37. Rxa6 Rg4 38. Ra3 Ke6 39. Rf3 Rg5
40. a4 Kd5 41. Kd3 Kc5 42. b3 1/2-1/2

[Event "Ì15Â"]
[Site "Loo"]
[Date "2017.04.26"]
[Round "7.19"]
[White "×åæèí, Ïàâåë."]
[Black "Çåìíèöêèé, Àëåêñàíäð."]
[Result "0-1"]
[WhiteElo "1688"]
[BlackElo "2010"]
[PlyCount "109"]
[EventDate "2017.04.20"]

1. d4 Nf6 2. Nf3 g6 3. Bg5 Ne4 4. Bh4 c5 5. Nbd2 d5 6. c3 Bg7 7. e3 O-O 8. Nxe4
dxe4 9. Nd2 cxd4 10. cxd4 f5 11. Bc4+ Kh8 12. O-O Nc6 13. Rc1 Qd6 14. Bg3 e5
15. Bb5 f4 16. dxe5 Qxe5 17. Bxc6 fxg3 18. Bxe4 gxf2+ 19. Rxf2 Rxf2 20. Kxf2
Be6 21. b3 Rd8 22. Qe2 Qxh2 23. Nf3 Rf8 24. Ke1 Qd6 25. Qd2 Qg3+ 26. Qf2 Qd6
27. Qd2 Qe7 28. Ke2 Bh3 29. gxh3 Qxe4 30. Rf1 Rc8 31. Rc1 Rf8 32. Rf1 Re8 33.
Kf2 Qe6 34. Kg2 Qxe3 35. Qxe3 Rxe3 36. Rd1 Bf6 37. Rd2 Kg7 38. Kf2 Re7 39. Kg3
h5 40. Rd1 g5 41. Rd5 Kg6 42. Rd2 Rc7 43. Rd6 Kf5 44. Kf2 Rc2+ 45. Ke3 Rxa2 46.
Rd5+ Kg6 47. Ne5+ Bxe5 48. Rxe5 Rb2 49. Rb5 b6 50. Kf3 h4 51. Rb4 Rh2 52. Ra4
Rxh3+ 53. Kg2 Rg3+ 54. Kh2 a5 55. b4 0-1

[Event "Ì15Â"]
[Site "Loo"]
[Date "2017.04.26"]
[Round "7.20"]
[White "Îñèïîâ, Äàíèèë."]
[Black "Ïîñòíèêîâ, Ðîìàí."]
[Result "0-1"]
[WhiteElo "2091"]
[BlackElo "2081"]
[PlyCount "74"]
[EventDate "2017.04.20"]

1. e4 c5 2. Nf3 e6 3. d4 cxd4 4. Nxd4 Nc6 5. Nc3 Qc7 6. Ndb5 Qb8 7. Be3 Nf6 8.
f3 a6 9. Bb6 axb5 10. Nxb5 Ra5 11. Nc7+ Ke7 12. b4 Ra6 13. Bc5+ Kd8 14. Bxf8
Rxf8 15. Qd6 Rg8 16. Nxe6+ fxe6 17. Qxb8 Nxb8 18. Bxa6 bxa6 19. c4 d6 20. Rd1
Kc7 21. O-O Bd7 22. Rd2 Rd8 23. Rb1 Nc6 24. a3 Be8 25. Rbd1 e5 26. Rc1 Nd7 27.
Kf2 Nd4 28. Rd3 Rb8 29. Ke3 a5 30. b5 Nc5 31. Rdd1 Kb6 32. h3 Bf7 33. f4 Ncb3
34. Rc3 exf4+ 35. Kd3 Re8 36. Rxb3 Nxb3 37. Kc3 Nc5 0-1

[Event "Ì15Â"]
[Site "Loo"]
[Date "2017.04.26"]
[Round "7.21"]
[White "Ãàéäûì, Àðñåíèé."]
[Black "Ïîëÿíñêèé, Âëàäèñëàâ."]
[Result "1-0"]
[WhiteElo "2017"]
[BlackElo "1891"]
[PlyCount "111"]
[EventDate "2017.04.20"]

1. e4 e6 2. d4 d5 3. Nd2 Be7 4. Ngf3 Nf6 5. Bd3 c5 6. exd5 exd5 7. dxc5 Bxc5 8.
O-O O-O 9. Nb3 Bb6 10. c3 Nc6 11. h3 Ne4 12. Nfd4 Nxd4 13. Nxd4 Qf6 14. Be3 Be6
15. Qh5 h6 16. Nxe6 Qxe6 17. Bxb6 Nf6 18. Qe2 Qxb6 19. Rad1 Rfe8 20. Qd2 Re7
21. Rfe1 Rae8 22. b3 Rxe1+ 23. Rxe1 Rxe1+ 24. Qxe1 d4 25. cxd4 Qxd4 26. Bc2 Qd7
27. Qe5 Qc8 28. Bf5 Qd8 29. g3 g6 30. Bc2 Kg7 31. Qc3 b6 32. b4 Qd7 33. h4 h5
34. a4 Qd8 35. Bb3 Kf8 36. b5 Ne8 37. Qh8+ Ke7 38. Qg8 Nd6 39. Qg7 Qd7 40. Qe5+
Kd8 41. Bd5 Qe7 42. Qf4 Ke8 43. Qd4 Kd8 44. Bxf7 Qxf7 45. Qxd6+ Kc8 46. Qd4 Kc7
47. Qe4 Kd6 48. Qc6+ Ke5 49. Kg2 Kd4 50. Qc2 Qd5+ 51. Kh2 Qf3 52. Kg1 Qd3 53.
Qxd3+ Kxd3 54. Kg2 Kc4 55. f4 Kb4 56. g4 1-0

[Event "Ì15Â"]
[Site "Loo"]
[Date "2017.04.26"]
[Round "7.22"]
[White "Æàðêîâ, Íèêîëàé."]
[Black "Ùóêèí, Ìàêñèì."]
[Result "0-1"]
[WhiteElo "1861"]
[BlackElo "1990"]
[PlyCount "130"]
[EventDate "2017.04.20"]

1. e4 c6 2. d4 d5 3. Nc3 dxe4 4. Nxe4 Bf5 5. Ng3 Bg6 6. Nf3 Nd7 7. h4 h6 8. Bf4
e6 9. Bd3 Bxd3 10. Qxd3 Qa5+ 11. c3 Ngf6 12. Ne5 Nxe5 13. Bxe5 Nd7 14. Bf4 Be7
15. h5 O-O 16. O-O Rfd8 17. Qf3 Qd5 18. Qe2 Bg5 19. Bxg5 Qxg5 20. Ne4 Qh4 21.
g3 Qh3 22. Rad1 Nb6 23. c4 Qf5 24. Rfe1 Rd7 25. Nc5 Re7 26. b3 Rd8 27. Qe5 Qc2
28. a4 Nc8 29. Rc1 Qb2 30. Red1 b6 31. Rb1 Qc2 32. Ne4 Red7 33. a5 Nd6 34. Nxd6
Rxd6 35. Kg2 Qc3 36. axb6 axb6 37. Qe4 c5 38. d5 exd5 39. Rxd5 Rxd5 40. cxd5
Qd4 41. Qe2 Qxd5+ 42. Kh2 Qd2 43. Qxd2 Rxd2 44. Kg2 Rd3 45. g4 Kf8 46. Kf1 Rd4
47. f3 f5 48. gxf5 Rf4 49. Ke2 Rxf5 50. Rd1 b5 51. Rd8+ Kf7 52. Rd7+ Kg8 53.
Rb7 b4 54. Rc7 Rxh5 55. Ke3 Kh7 56. Rc6 Rg5 57. f4 Rg3+ 58. Ke4 Rc3 59. Kf5 Rc2
60. Kg4 Rc1 61. Kf5 Rc3 62. Kg4 g6 63. Rc7+ Kg8 64. f5 gxf5+ 65. Kxf5 Kf8 0-1

[Event "Ì15Â"]
[Site "Loo"]
[Date "2017.04.26"]
[Round "7.23"]
[White "Æàêàìóõîâ, Ýäóàðä."]
[Black "Ðàäî÷èí, Îëåã."]
[Result "1-0"]
[WhiteElo "1919"]
[BlackElo "1825"]
[PlyCount "83"]
[EventDate "2017.04.20"]

1. e4 c5 2. Nf3 Nc6 3. Bb5 g6 4. Bxc6 dxc6 5. h3 Bg7 6. d3 e5 7. O-O Qc7 8. a3
Nf6 9. Nbd2 O-O 10. b4 Nd7 11. Bb2 b5 12. Nb3 cxb4 13. axb4 a6 14. c4 Rd8 15.
Qc2 bxc4 16. Qxc4 Nb6 17. Qc3 Nd7 18. Nfd2 Bb7 19. Ra5 Rac8 20. Nc4 f6 21. Bc1
Bf8 22. Be3 Rb8 23. Ba7 Ra8 24. Bc5 Bxc5 25. Nxc5 Nxc5 26. bxc5 Bc8 27. Ra3 Be6
28. Nd6 Ra7 29. Rfa1 Rda8 30. f4 Qg7 31. fxe5 fxe5 32. Qb2 a5 33. Qb6 Ra6 34.
Rxa5 Rxa5 35. Rxa5 Rf8 36. Qb1 Qh6 37. Qe1 Bxh3 38. gxh3 Qg5+ 39. Kh1 Rf3 40.
Ra2 Rxh3+ 41. Rh2 Rxd3 42. Qf1 1-0

[Event "Ì15Â"]
[Site "Loo"]
[Date "2017.04.26"]
[Round "7.24"]
[White "Ñò¸ïî÷êèí, Ô¸äîð."]
[Black "Õàëèêîâ, Áóëàò."]
[Result "1-0"]
[WhiteElo "1793"]
[BlackElo "1895"]
[PlyCount "125"]
[EventDate "2017.04.20"]

1. e4 e5 2. Bc4 Nf6 3. d4 exd4 4. Qxd4 Nc6 5. Qe3 d6 6. Nc3 Be6 7. Bb3 Be7 8.
Nf3 O-O 9. Bd2 Nb4 10. O-O-O Bxb3 11. axb3 a5 12. Nd4 c6 13. Nf5 Ne8 14. Qg3
Kh8 15. Bf4 d5 16. exd5 cxd5 17. Nxe7 Qxe7 18. Nxd5 Qe4 19. Nxb4 axb4 20. Rhe1
Ra1+ 21. Kd2 Qd4+ 22. Ke2 Qe4+ 23. Kd2 Qd4+ 24. Ke2 Qe4+ 25. Qe3 Qxc2+ 26. Rd2
Rxe1+ 27. Kxe1 Qb1+ 28. Rd1 Qxb2 29. Qe7 Rg8 30. Qxf7 Qf6 31. Qxf6 Nxf6 32. Rd4
Re8+ 33. Be3 Re4 34. Rd8+ Ne8 35. Kd2 Kg8 36. Kd3 Re6 37. Kc4 Kf7 38. Rd7+ Kg6
39. Kxb4 Nf6 40. Rxb7 Nd5+ 41. Kc5 Nxe3 42. fxe3 Rxe3 43. b4 Rc3+ 44. Kd4 Rc2
45. Rb6+ Kf5 46. Rb5+ Kf6 47. Rh5 h6 48. g3 Kg6 49. Rh4 Kh7 50. b5 g5 51. Re4
Rxh2 52. Kc5 Kg6 53. b6 Kf5 54. Rb4 Rc2+ 55. Kd6 Rd2+ 56. Kc7 Rc2+ 57. Kb8 h5
58. b7 g4 59. Ka7 Rc7 60. Kb6 Rxb7+ 61. Kxb7 h4 62. Rb5+ Ke4 63. gxh4 1-0

[Event "Ì15Â"]
[Site "Loo"]
[Date "2017.04.26"]
[Round "7.25"]
[White "Ðîìàäîâ, Äìèòðèé."]
[Black "Ôîìèí, Ïàâåë."]
[Result "0-1"]
[WhiteElo "1774"]
[BlackElo "1892"]
[PlyCount "52"]
[EventDate "2017.04.20"]

1. e4 e6 2. d4 d5 3. Nc3 Nf6 4. Bg5 dxe4 5. Nxe4 Be7 6. Bxf6 gxf6 7. Nf3 f5 8.
Nc3 a6 9. Bd3 c5 10. dxc5 Bxc5 11. Qe2 O-O 12. O-O-O Qf6 13. g4 fxg4 14. Rdg1
Qf4+ 15. Kb1 Kh8 16. Nh4 f5 17. Nd1 Nc6 18. c3 Bd7 19. h3 g3 20. fxg3 Qh6 21.
Rg2 e5 22. Bc4 e4 23. Nf2 Ne5 24. Rd1 Rab8 25. Rd5 Nxc4 26. Qxc4 Be6 0-1

[Event "Ì15Â"]
[Site "Loo"]
[Date "2017.04.26"]
[Round "7.26"]
[White "Ãàâðèëîâ, Âèêòîð."]
[Black "Ãàëèåâ, Èðåê."]
[Result "0-1"]
[WhiteElo "1760"]
[BlackElo "1866"]
[PlyCount "71"]
[EventDate "2017.04.20"]

1. d4 Nf6 2. c4 g6 3. Nc3 d5 4. cxd5 Nxd5 5. Bd2 Bg7 6. e4 Nxc3 7. Bxc3 O-O 8.
Rc1 c6 9. h3 Qb6 10. Nf3 Nd7 11. Bd3 c5 12. d5 Bxc3+ 13. bxc3 Qa5 14. Qd2 b5
15. e5 Rd8 16. h4 Nf8 17. Qh6 Qxa2 18. c4 Qa5+ 19. Kf1 bxc4 20. Bc2 Bg4 21. Nh2
Bd7 22. h5 Qb6 23. Nf3 Qb2 24. Qf4 Be8 25. g3 Rdb8 26. Be4 c3 27. Kg2 Rb4 28.
Qh4 Qe2 29. Rce1 Qa6 30. Qg5 f6 31. Qh6 fxe5 32. Ng5 Qf6 33. hxg6 Bxg6 34. Nxh7
Bxe4+ 35. Rxe4 Qxh6 36. Rxh6 0-1

[Event "Ì15Â"]
[Site "Loo"]
[Date "2017.04.26"]
[Round "7.27"]
[White "Êàìàåâ, Äæàáðàèë."]
[Black "Êîðåíü, Âëàäèìèð."]
[Result "1/2-1/2"]
[WhiteElo "1949"]
[BlackElo "1947"]
[PlyCount "140"]
[EventDate "2017.04.20"]

1. Nf3 d5 2. g3 Nf6 3. Bg2 e6 4. O-O Be7 5. d3 O-O 6. c4 c5 7. a3 Nc6 8. Nc3 b6
9. e4 dxc4 10. dxc4 Qxd1 11. Rxd1 Ba6 12. Bf1 Rad8 13. Bf4 Nd4 14. Ne1 Bb7 15.
f3 Nd7 16. Nb5 a6 17. Nxd4 cxd4 18. Nd3 g5 19. Be5 Nxe5 20. Nxe5 Bd6 21. Nd3 g4
22. e5 Bxf3 23. exd6 Bxd1 24. Rxd1 Rxd6 25. c5 bxc5 26. Nxc5 e5 27. Bxa6 e4 28.
Be2 d3 29. Bxg4 f5 30. Bh3 Rd5 31. Nxe4 fxe4 32. Be6+ Kg7 33. Bxd5 e3 34. Rxd3
e2 35. Re3 Rf1+ 36. Kg2 e1=Q 37. Rxe1 Rxe1 38. Kf3 Rd1 39. Bc4 Rd2 40. b3 Rxh2
41. a4 Kf6 42. Ke4 Ke7 43. a5 Kd6 44. g4 h6 45. Kf5 Kc5 46. a6 Kb6 47. Kg6 Rh4
48. Kf5 Ka7 49. Bb5 Kb6 50. b4 Rh2 51. Bc4 Rh4 52. Be2 Rh2 53. Bd3 Rh4 54. b5
Ka7 55. Be4 Kb6 56. Bc6 Rh2 57. Kg6 Rh4 58. Bd7 Rh2 59. Kf5 Rd2 60. Ke6 Rd4 61.
Ke7 Rd5 62. Ke6 Rd4 63. Ke7 Rd5 64. Bc6 Rd4 65. Bf3 Rf4 66. Bd1 Rb4 67. Kf6
Rxb5 68. Kg6 Rd5 69. Be2 Rd6+ 70. Kh5 Rd2 1/2-1/2

[Event "Ì15Â"]
[Site "Loo"]
[Date "2017.04.26"]
[Round "7.28"]
[White "Ëóïïà, Êèðèëë."]
[Black "Òåð-Ñààêÿí, Ãðèãîðèé."]
[Result "0-1"]
[WhiteElo "1780"]
[BlackElo "1851"]
[PlyCount "82"]
[EventDate "2017.04.20"]

1. e4 e6 2. d4 d5 3. e5 c5 4. c3 Nc6 5. Nf3 Bd7 6. a3 c4 7. Be2 f6 8. exf6 Nxf6
9. O-O Bd6 10. Re1 O-O 11. Bf1 Qc7 12. g3 Rae8 13. Bg2 b5 14. Re2 a5 15. Qe1
Bc8 16. Ne5 Bxe5 17. dxe5 Nd7 18. f4 Nc5 19. Be3 Nb3 20. Ra2 d4 21. cxd4 Nbxd4
22. Bxd4 Nxd4 23. Rd2 Rd8 24. Nc3 Bb7 25. Qf2 Bxg2 26. Rxd4 Rxd4 27. Qxd4 Ba8
28. Qd6 Qb7 29. Qxe6+ Kh8 30. Qh3 Rd8 31. Kf1 Qh1+ 32. Ke2 Qf3+ 33. Ke1 Qe3+
34. Kf1 Bb7 35. Qh5 Bf3 36. Qh3 Be2+ 37. Kg2 h5 38. Qf5 Bf3+ 39. Kf1 Rd1+ 40.
Nxd1 Qe2+ 41. Kg1 Qe1# 0-1

[Event "Ì15Â"]
[Site "Loo"]
[Date "2017.04.26"]
[Round "7.29"]
[White "Êðþêîâ, Àëåêñåé."]
[Black "Øèðèíêèí, Ïàâåë."]
[Result "1/2-1/2"]
[WhiteElo "1799"]
[BlackElo "1751"]
[PlyCount "74"]
[EventDate "2017.04.20"]

1. e4 e6 2. d4 d5 3. e5 c5 4. c3 Nc6 5. Nf3 Qb6 6. a3 c4 7. Nbd2 f6 8. exf6
Nxf6 9. Qc2 Bd6 10. b3 cxb3 11. Nxb3 O-O 12. Bd3 e5 13. dxe5 Nxe5 14. Nxe5 Bxe5
15. h3 Qc7 16. Bd2 Ne4 17. Bxe4 dxe4 18. O-O Bf5 19. Nd4 Bxd4 20. Qb3+ Kh8 21.
cxd4 Qd7 22. Bb4 Rf6 23. Qe3 Rg6 24. Kh2 Qc7+ 25. Kh1 a5 26. Rac1 Qd7 27. Bc3
Rf8 28. f4 Rh6 29. Kh2 b6 30. Bb2 Qb5 31. Rf2 Qd3 32. Rc3 Qb5 33. Rc7 Qd5 34.
Qg3 Rg6 35. Qe3 Rh6 36. Qg3 Rg6 37. Qe3 Rh6 1/2-1/2

[Event "Ì17Ï"]
[Site "Loo"]
[Date "2017.04.26"]
[Round "7.1"]
[White "Ìèøèí, Âÿ÷åñëàâ."]
[Black "ßøìåòîâ, Íèêîëàé."]
[Result "1-0"]
[WhiteElo "2092"]
[BlackElo "2152"]
[PlyCount "70"]
[EventDate "2017.04.20"]

1. e4 c5 2. Nf3 d6 3. Bb5+ Nd7 4. O-O a6 5. Bxd7+ Bxd7 6. c3 Nf6 7. d3 e6 8.
Re1 Be7 9. h3 O-O 10. Nh2 Bc6 11. Nd2 Qc7 12. f4 b5 13. g4 Nd7 14. Ndf3 Qb7 15.
Kf2 c4 16. b4 cxd3 17. Qxd3 Nb6 18. Nf1 Rac8 19. Ng3 Nc4 20. f5 Kh8 21. Bg5 f6
22. Bc1 e5 23. h4 d5 24. h5 dxe4 25. Nxe4 Rfd8 26. Qb1 Bxe4 27. Rxe4 Rd1 28.
Qc2 Rcd8 29. h6 Na3 30. hxg7+ Kxg7 31. Qe2 Nc4 32. Rxc4 bxc4 33. Bh6+ Kxh6 34.
Rxd1 Qb6+ 35. Kg2 Qc6 1-0

[Event "Ì17Ï"]
[Site "Loo"]
[Date "2017.04.26"]
[Round "7.2"]
[White "Äóáèíèí, Àëåêñàíäð."]
[Black "Íåçíàíîâ, Àëåêñàíäð."]
[Result "1/2-1/2"]
[WhiteElo "2165"]
[BlackElo "2050"]
[PlyCount "59"]
[EventDate "2017.04.20"]

1. e4 c5 2. Nf3 d6 3. d4 cxd4 4. Nxd4 Nf6 5. Nc3 a6 6. h3 e6 7. g4 d5 8. exd5
Nxd5 9. Bg2 Nxc3 10. bxc3 Qc7 11. Qd3 Nd7 12. O-O Be7 13. Rb1 O-O 14. f4 Rb8
15. Bd2 Nc5 16. Qe3 Bd7 17. Rbe1 Bd6 18. f5 exf5 19. gxf5 Rfe8 20. Qg5 Rxe1 21.
Bxe1 Bc6 22. f6 g6 23. Nxc6 bxc6 24. Qh4 Re8 25. Bg3 Ne4 26. Bxd6 Qxd6 27. Qf4
Qxf4 28. Rxf4 Nxc3 29. Bf1 Nd5 30. Rf3 {äàëåå çàïèñü íåðàçáîð~~èâà} 1/2-1/2